Fire safety in London (Record no. 111717)

MARC details
000 -LEADER
fixed length control field 00856cad a22001935a 4500
001 - CONTROL NUMBER
control field L151898
008 - FIXED-LENGTH DATA ELEMENTS--GENERAL INFORMATION
fixed length control field 101217s2010 xxk f 000 0 eng d
035 ## - SYSTEM CONTROL NUMBER
System control number (Sirsi) u151898
041 0# - LANGUAGE CODE
Language code of text/sound track or separate title eng
110 2# - MAIN ENTRY--CORPORATE NAME
Corporate name or jurisdiction name as entry element Greater London Authority
9 (RLIN) 5818
245 00 - TITLE STATEMENT
Title Fire safety in London
Remainder of title fire risks in London's tall and timber framed buildings
Medium [electronic resource]
260 ## - PUBLICATION, DISTRIBUTION, ETC.
Place of publication, distribution, etc. London
Name of publisher, distributor, etc. GLA
Date of publication, distribution, etc. 2010
520 ## - SUMMARY, ETC.
Summary, etc. Practical recommendations to ensure that the regulations and practices that guide construction of residential properties in London are sufficiently robust and effectively enforced.
590 ## - LOCAL NOTE (RLIN)
Local note KA NTK
651 #4 - SUBJECT ADDED ENTRY--GEOGRAPHIC NAME
Geographic name London
690 ## - LOCAL SUBJECT ADDED ENTRY--TOPICAL TERM (OCLC, RLIN)
Topical term or geographic name as entry element BUILT ENVIRONMENT-BUILDING STANDARDS-FIRE REGULATIONS
856 40 - ELECTRONIC LOCATION AND ACCESS
Uniform Resource Identifier <a href="https://www.london.gov.uk/sites/default/files/Final%20Draft%20Report.pdf">https://www.london.gov.uk/sites/default/files/Final%20Draft%20Report.pdf</a>
Public note View the website free of charge at www.london.gov.uk
942 ## - ADDED ENTRY ELEMENTS (KOHA)
Suppress in OPAC 0
Holdings
Withdrawn status Lost status Source of classification or shelving scheme Damaged status Not for loan Home library Current library Shelving location Date acquired Total Checkouts Full call number Barcode Date last seen Copy number Price effective from Koha item type
    Dewey Decimal Classification     Virtual Virtual Online 17/12/2010   ONLINE PUBLICATION 151898-1001 06/08/2019 1 06/08/2019 Book